| 000 | 00610nam a2200229Ia 4500 | ||
|---|---|---|---|
| 008 | 180523s9999 xx 000 0 und d | ||
| 020 | _a0-13-184815-1 | ||
| 050 | _aMAIN HF 5387 | ||
| 050 | _b.R68 2005 | ||
| 100 | _aRoth, William F. | ||
| 245 | 0 | _aEthics in the workplace : | |
| 245 | 2 | _ba systems perspective / | |
| 245 | 0 | _cWilliam F. Roth. | |
| 260 | _aNew Jersey : | ||
| 260 | _bPearson Education, | ||
| 260 | _c2005 | ||
| 300 | _a140 pages : | ||
| 300 | _billustrations ; | ||
| 300 | _c23 cm. | ||
| 500 | _aIncludes bibiliographical references and index. | ||
| 650 | _aBusiness ethics. | ||
| 999 |
_c357027 _d357027 |
||